|
|
|
|
| LEADER |
00000nbm0a2200000 4500 |
| 001 |
359445 |
| 005 |
20231102011206.0 |
| 035 |
|
|
|a (RuTPU)RU\TPU\retro\16725
|
| 090 |
|
|
|a 359445
|
| 100 |
|
|
|a 20201028d1942 k y0rusy50 ca
|
| 101 |
0 |
|
|a rus
|
| 102 |
|
|
|a RU
|
| 105 |
|
|
|a af z 000zy
|
| 200 |
1 |
|
|a Палеонтология и стратиграфия девона Алтая
|f Л. Л. Халфин
|g Томский индустриальный институт
|h Ч. 2, Гл. 1
|i Фауна Соловьихинского известняка
|h Гл. 2
|i Фауна Ганинской формации
|e диссертация
|e Машинопись
|
| 210 |
|
|
|a Томск
|c [Б. и.]
|d 1942
|
| 215 |
|
|
|a С. 388-672, [9]
|c ил.
|
| 300 |
|
|
|a Ч.1,2 продолжающаяся нумерация страниц
|
| 606 |
1 |
|
|a Палеонтология
|x Западная Сибирь
|2 stltpush
|3 (RuTPU)RU\TPU\subj\48010
|9 66892
|
| 606 |
1 |
|
|a Стратиграфия
|y СССР
|2 stltpush
|3 (RuTPU)RU\TPU\subj\80221
|9 87993
|
| 610 |
1 |
|
|a девон
|
| 610 |
1 |
|
|a фауна
|
| 610 |
1 |
|
|a пентамериды
|
| 610 |
1 |
|
|a трилобиты
|
| 610 |
1 |
|
|a моллюски
|
| 610 |
1 |
|
|a раковины
|
| 610 |
1 |
|
|a внутреннее строение
|
| 610 |
1 |
|
|a известняки
|
| 610 |
1 |
|
|a брахиоподы
|
| 610 |
1 |
|
|a коллекция ТПУ
|
| 610 |
1 |
|
|a труды учёных ТПУ
|
| 610 |
1 |
|
|a диссертации
|
| 675 |
|
|
|a 56(571.1)
|v 4
|
| 675 |
|
|
|a 551.7(47+57)
|v 4
|
| 700 |
|
1 |
|a Халфин
|b Л. Л.
|c геолог, горный инженер
|c профессор Томского политехнического института, доктор геолого-минералогических наук
|f 1902-1977
|g Леонтий Леонтьевич
|2 stltpush
|3 (RuTPU)RU\TPU\pers\1945
|
| 712 |
0 |
2 |
|a Томский индустриальный институт
|c (1934-1944)
|2 stltpush
|3 (RuTPU)RU\TPU\col\9243
|9 24665
|
| 801 |
|
1 |
|a RU
|b 63413507
|c 20201028
|
| 801 |
|
2 |
|a RU
|b 63413507
|c 20220321
|g RCR
|
| 942 |
|
|
|c BK
|